Flags of the WBC (World Baseball Classic) - Statistics

General Stats
  • This quiz has been taken 210 times
  • The average score is 17 of 20
Answer Stats
Picture Answer % Correct
Korea
98%
Italy
96%
Japan
96%
Canada
95%
China
95%
United States
95%
Great Britain
94%
Mexico
93%
Israel
90%
Australia
89%
Cuba
88%
Dominican Republic
86%
Venezuela
85%
Puerto Rico
82%
Colombia
80%
Netherlands
78%
Panama
77%
Czech Republic
71%
Nicaragua
67%
Chinese Taipei
60%
No matching quizzes found
Score Distribution
Percent of People with Each Score
Percentile by Number Answered
Your Score History
You have not taken this quiz